<?xml version="1.0" encoding="UTF-8"?>
<record
    xmlns:xsi="http://www.w3.org/2001/XMLSchema-instance"
    xsi:schemaLocation="http://www.loc.gov/MARC21/slim http://www.loc.gov/standards/marcxml/schema/MARC21slim.xsd"
    xmlns="http://www.loc.gov/MARC21/slim">

  <leader>01609nam a22001577a 4500</leader>
  <datafield tag="999" ind1=" " ind2=" ">
    <subfield code="c">515065</subfield>
    <subfield code="d">515065</subfield>
  </datafield>
  <controlfield tag="008">210109b           ||||| |||| 00| 0 eng d</controlfield>
  <datafield tag="100" ind1=" " ind2=" ">
    <subfield code="a">Carter, Chris et al</subfield>
    <subfield code="9">24293</subfield>
  </datafield>
  <datafield tag="245" ind1=" " ind2=" ">
    <subfield code="a">Strategic change, leadership and accounting: A triptych of organizational reform</subfield>
  </datafield>
  <datafield tag="260" ind1=" " ind2=" ">
    <subfield code="a">Public Administration  </subfield>
  </datafield>
  <datafield tag="300" ind1=" " ind2=" ">
    <subfield code="a">98(1), 2020: p.62-91</subfield>
  </datafield>
  <datafield tag="520" ind1=" " ind2=" ">
    <subfield code="a">Strategic change in public sector organizations has been well documented. This article suggests that public management research would benefit from a greater appreciation of how calculative practices are deeply imbricated with, and constitutive of, organizational life. In turn, the article argues that the field of interdisciplinary accounting has much to learn from public administration, especially in terms of leadership. The overarching argument is that understanding strategic change in public organizations can be enhanced by bringing together insights from the academic fields of public administration and interdisciplinary accounting. In this respect, organizational reform can be understood as a triptych, involving strategic change, leadership and accounting practices. We illustrate this thesis through a case study of strategic change in the world's largest public service broadcaster&#x2014;the British Broadcasting Corporation (BBC). It is shown how, during the tenure of one organizational leader&#x2014;John Birt&#x2014;accounting became pivotal to his leadership. - Reproduced 
</subfield>
  </datafield>
  <datafield tag="650" ind1=" " ind2=" ">
    <subfield code="a">Public sector organizations, Public management, Leadership  </subfield>
    <subfield code="9">23603</subfield>
  </datafield>
  <datafield tag="773" ind1=" " ind2=" ">
    <subfield code="a">Public Administration </subfield>
  </datafield>
  <datafield tag="906" ind1=" " ind2=" ">
    <subfield code="a">PUBLIC SECTOR ENTERPRISES</subfield>
  </datafield>
  <datafield tag="942" ind1=" " ind2=" ">
    <subfield code="c">AR</subfield>
  </datafield>
  <datafield tag="952" ind1=" " ind2=" ">
    <subfield code="0">0</subfield>
    <subfield code="1">0</subfield>
    <subfield code="2">ddc</subfield>
    <subfield code="4">0</subfield>
    <subfield code="7">0</subfield>
    <subfield code="9">389098</subfield>
    <subfield code="a">IIPA</subfield>
    <subfield code="b">IIPA</subfield>
    <subfield code="d">2021-01-09</subfield>
    <subfield code="h">98(1), 2020: p.62-91</subfield>
    <subfield code="p">AR123838</subfield>
    <subfield code="r">2021-01-09</subfield>
    <subfield code="y">AR</subfield>
  </datafield>
</record>
